| 000 | 00717nam a2200193 i 4500 | ||
|---|---|---|---|
| 001 | 73408 | ||
| 003 | ES-MaACL | ||
| 005 | 20230906171809.0 | ||
| 007 | t| | ||
| 008 | 041008s1998 sp ||||1| spa d | ||
| 080 | _a72.067 | ||
| 100 | 1 |
_aLamela, Antonio. _969836 |
|
| 245 | 1 | 3 |
_aLa arquitectura y el medio-ambiente: desde una contemplación académica, con formulaciones concretas _b: discurso de ingreso del académico electo... / _cAntonio Lamela Martínez. |
| 260 |
_a[Madrid : _bReal Academia de Doctores de Madrid], _c1998. |
||
| 300 |
_a67 p. : _bil. ; _c22 cm. |
||
| 650 |
_aArquitectura y sociedad. _9173949 |
||
| 710 | 2 |
_aReal Academia de Doctores (Madrid) _96304 |
|
| 852 |
_aES-MaACL _jL-28194 _bR.133927 |
||
| 999 |
_c73408 _d73408 |
||